National Anthem of Czechia - ''Kde domov můj?'' - Statistics

General Stats
  • This quiz has been taken 51 times
  • The average score is 33 of 39
Answer Stats
Answer % Correct
domov
100%
Kde
100%
můj,
100%
domov
98%
kde
98%
můj?
98%
po
93%
Voda
93%
huči
90%
po
90%
skalinách,
90%
lučinách,
86%
šumí
86%
A
83%
bory
83%
na
83%
je
81%
to
81%
to
81%
země
81%
česká
79%
česká
79%
domov
79%
domov
79%
jara
79%
květ,
79%
můj,
79%
můj!
79%
pohled!
79%
ráj
79%
se
79%
ta
79%
země
79%
zemský
79%
v
76%
krásná
74%
skví
74%
země,
74%
sadě
71%
No matching quizzes found
Score Distribution
Percent of People with Each Score
Percentile by Number Answered
Your Score History
You have not taken this quiz